000 00709nam a2200241Ia 4500
003 OSt
005 20220918185756.0
006 a|||||r|||| 00| 0
007 ta
008 220917b |||||||| |||| 00| 0 eng d
024 _a52,617
037 _cTextual
040 _aARTS
_cARTS
_beng
041 _2eng
_aeng
082 _aP15:Cx1:1:7:1, G1.2;-1
100 _aRamachandra
_960882
245 0 _aPrakriya kaumudi with the comm Prasada of Vitthala
260 _aPoona
_bBhandarkar Oriental Research Institute
_c1931
490 _aBombay Sanskrit and Prakrit series
650 _aLINGUISTICS
942 _hP15:Cx1:1:7:1, G1.2;-1
_cTEXL
_2CC
999 _c182012
_d182012